Statistics for Bfdi Number Colors

Click here to take the quiz!

General Stats

  • This quiz has been taken 34 times
  • The average score is 8 of 12

Answer Stats

HintAnswer% Correct
FourBlue
96%
EightGrey
88%
ThreeRed
88%
XYellow
88%
TwoGreen
85%
NineWhite
85%
TenOrange
81%
SixLight Blue
50%
ZeroLight Grey
50%
SevenDark Grey
46%
OneIndigo
15%
FiveLavender
8%

Score Distribution

Percentile by Number Answered

Percent of People with Each Score

Your Score History

You have not taken this quiz